header

Nursing informatics 2020 (Record no. 115601)

MARC details
000 -LEADER
fixed length control field 01616nam a2200349Ia 4500
245 10 - TITLE STATEMENT
Title Nursing informatics 2020
260 ## - PUBLICATION, DISTRIBUTION, ETC. (IMPRINT)
Place of publication Amsterdam ;
-- Washington, DC :
Name of publisher IOS Press,
Year of publication c2007.
300 ## - PHYSICAL DESCRIPTION
Number of Pages x, 125 p. :
Other physical details ill.
490 1# - SERIES STATEMENT
Series statement Studies in health technology and informatics,
650 #0 - SUBJECT ADDED ENTRY--TOPICAL TERM
Topical Term Nursing informatics
Topical Term Nursing
Topical Term Information storage and retrieval systems
700 1# - ADDED ENTRY--PERSONAL NAME
Personal name Murray, Peter J.
856 40 - ELECTRONIC LOCATION AND ACCESS
Uniform Resource Identifier http://site.ebrary.com/lib/rucke/Doc?id=10196596

No items available.

© 2026 Rongo University
Contact us: librarian | system librarian | Rongo university